| 000 | 00492nam a2200193Ia 4500 | ||
|---|---|---|---|
| 008 | 170918s9999 xx 000 0 und d | ||
| 020 | _a9789810896393 | ||
| 050 | _bD583 2005 | ||
| 100 | _aDinbergs, Holly Smith | ||
| 245 | _aBowling buddies / | ||
| 245 | _cby Holly Smith Dinbergs ; illustrated by Lloyd Foye. | ||
| 260 | _aNew York : | ||
| 260 | _bScholastic, | ||
| 260 | _c2005 | ||
| 300 | _a43 pages : | ||
| 300 | _billustrations ; | ||
| 300 | _c20cm. | ||
| 300 | _eGirlz rock! | ||
| 999 |
_c344071 _d344071 |
||